[Event "Moscow op-E"]
[Site "Moscow"]
[Date "2011.02.06"]
[Round "9.183"]
[White "Voronov, Vladimir Yu"]
[Black "Kan, Yuri"]
[Result "0-1"]
[WhiteElo "1808"]
[BlackElo "2057"]
[PlyCount "78"]
[EventDate "2011.01.29"]
[EventType "swiss"]
[EventRounds "9"]
[EventCountry "RUS"]
[SourceTitle "EXT 2022"]
[Source "ChessBase"]
[SourceDate "2021.10.06"]
[SourceVersion "1"]
[SourceVersionDate "2021.10.06"]
[SourceQuality "1"]

1. e4 c5 2. Nf3 Nc6 3. Nc3 g6 4. Bc4 Bg7 5. 0-0 d6 6. d3 Nf6 7. h3 0-0 8. Be3 Na5 9. Qd2 Nxc4 10. dxc4 Be6 11. b3 Qc7 12. Rad1 Rfe8 13. Ng5 Nd7 14. f4 h6 15. f5 hxg5 16. fxe6 Ne5 17. exf7+ Nxf7 18. Nd5 Qd7 19. Bxg5 Rac8 20. Rf3 Qe6 21. Nf4 Qxe4 22. Nd3 Nxg5 23. Qxg5 Rf8 24. Re1 Qd4+ 25. Rfe3 Qf6 26. Qd5+ Rf7 27. Rxe7 Rcf8 28. R7e4 Qc3 29. Kh1 Bd4 30. Nf4 Kh7 31. Re7 Rxe7 32. Rxe7+ Kh6 33. Nd3 Qxc2 34. Qxb7 Rf1+ 35. Kh2 Qxd3 36. Rh7+ Kg5 37. h4+ Kg4 38. Qd7+ Rf5 39. Re7 Qg3+ 0-1

[Event "Moscow op-E"]
[Site "Moscow"]
[Date "2011.02.02"]
[Round "5.184"]
[White "Volkov, Evgeny"]
[Black "Kan, Yuri"]
[Result "1/2-1/2"]
[WhiteElo "2225"]
[BlackElo "2057"]
[PlyCount "102"]
[EventDate "2011.01.29"]
[EventType "swiss"]
[EventRounds "9"]
[EventCountry "RUS"]
[SourceTitle "EXT 2022"]
[Source "ChessBase"]
[SourceDate "2021.10.06"]
[SourceVersion "1"]
[SourceVersionDate "2021.10.06"]
[SourceQuality "1"]

1. Nf3 d5 2. g3 c5 3. Bg2 Nc6 4. 0-0 Nf6 5. d3 e5 6. Nbd2 Be7 7. e4 0-0 8. Re1 dxe4 9. dxe4 Qc7 10. c3 Na5 11. Qc2 Be6 12. Nf1 Rfd8 13. Ne3 Nc4 14. Nf5 Bf8 15. b3 Nb6 16. Nxe5 c4 17. Nf3 Bxf5 18. exf5 Nbd5 19. Bb2 cxb3 20. Qxb3 b5 21. Nd4 Rab8 22. Rad1 a6 23. Nc2 Qc5 24. Rd4 Nb6 25. Nb4 Re8 26. Red1 Qxf5 27. Nxa6 Rbc8 28. Nb4 Re2 29. Rf4 Qe6 30. Bf3 Re1+ 31. Kg2 Nc4 32. Rxe1 Qxe1 33. Ba3 Nd2 34. Qd1 Nxf3 35. Qxf3 Rxc3 36. Qa8 Rxa3 37. Qxa3 Nd5 38. Rxf7 Qxb4 39. Qf3 Nf6 40. Rxf6 gxf6 41. Qxf6 Qe4+ 42. Kg1 b4 43. h4 Qb1+ 44. Kh2 Qxa2 45. Qg5+ Kf7 46. Qh5+ Ke7 47. Qc5+ Kf7 48. Qh5+ Kg8 49. Qg5+ Kh8 50. Qe5+ Kg8 51. Qg5+ Kh8 1/2-1/2

[Event "Moscow op-B"]
[Site "Moscow"]
[Date "2010.02.07"]
[Round "9.85"]
[White "Mkrtchyan, Artak"]
[Black "Kan, Yuri"]
[Result "0-1"]
[WhiteElo "2176"]
[BlackElo "1997"]
[PlyCount "116"]
[EventDate "2010.01.30"]
[EventType "swiss"]
[EventRounds "9"]
[EventCountry "RUS"]
[SourceTitle "EXT 2023"]
[Source "ChessBase"]
[SourceDate "2022.10.05"]
[SourceVersion "1"]
[SourceVersionDate "2022.10.05"]
[SourceQuality "1"]

1. e4 c5 2. Nf3 Nc6 3. Bb5 g6 4. Bxc6 dxc6 5. d3 Bg7 6. Nc3 e5 7. Be3 Qe7 8. Qd2 Nf6 9. h3 Nd7 10. 0-0 Nf8 11. Bh6 f6 12. Bxg7 Qxg7 13. Nh2 Ne6 14. Ne2 g5 15. c3 Nf4 16. Ng3 Be6 17. Nf5 Bxf5 18. exf5 0-0-0 19. Qe3 b6 20. Rfd1 Rd6 21. g3 Nxh3+ 22. Kg2 Nf4+ 23. Kf1 Nd5 24. Qe4 Qd7 25. Ng4 h5 26. Ne3 Nxe3+ 27. fxe3 h4 28. g4 Rd8 29. Ke2 Qf7 30. b3 Qd5 31. Kf3 Kb7 32. Rd2 b5 33. Rb1 Kc7 34. Re1 Qxe4+ 35. Kxe4 c4 36. bxc4 bxc4 37. d4 exd4 38. cxd4 c5 39. Rc1 Kd7 40. d5 Rb6 41. Rxc4 Kd6 42. Ra4 Rd7 43. Kf3 Rc7 44. Re4 c4 45. Re6+ Kc5 46. e4 c3 47. Rc2 Kd4 48. Ke2 h3 49. Rxb6 axb6 50. Kd1 Kxe4 51. d6 Rd7 52. Rxc3 Rxd6+ 53. Ke2 Kf4 54. Rxh3 Kxg4 55. Rb3 Kxf5 56. a4 Rd4 57. Rb5+ Kg6 58. Rxb6 Rxa4 0-1

[Event "Moscow Chess are Living op"]
[Site "Moscow"]
[Date "2009.08.01"]
[Round "8"]
[White "Kan, Yuri"]
[Black "Einor, Pavel"]
[Result "0-1"]
[WhiteElo "2015"]
[BlackElo "2091"]
[PlyCount "96"]
[EventDate "2009.07.10"]
[EventType "swiss"]
[EventRounds "9"]
[EventCountry "RUS"]
[SourceTitle "EXT 2022"]
[Source "ChessBase"]
[SourceDate "2021.10.06"]
[SourceVersion "1"]
[SourceVersionDate "2021.10.06"]
[SourceQuality "1"]

1. e4 g6 2. d4 Bg7 3. Be3 c6 4. Nc3 d5 5. exd5 cxd5 6. Qd2 Nf6 7. Bh6 Bxh6 8. Qxh6 Qb6 9. 0-0-0 Nc6 10. Bb5 Bg4 11. f3 Bd7 12. Nge2 0-0-0 13. Bxc6 Bxc6 14. Rhe1 Ne8 15. Nf4 e6 16. Nd3 Nd6 17. Nc5 Nc4 18. b3 Qa5 19. Nb1 Nd6 20. a4 b5 21. axb5 Nxb5 22. Qd2 Qa1 23. c3 Rhe8 24. Qb2 Qa5 25. Rd2 Bb7 26. Qa2 Qc7 27. Qa4 Bc6 28. Qa6+ Kb8 29. Re5 Rd6 30. Rde2 Bd7 31. Qa1 Ka8 32. g3 Rc6 33. Qb2 Rxc5 34. dxc5 Qxc5 35. Kd2 f6 36. R5e3 e5 37. g4 Rc8 38. Rd3 Nd6 39. Rde3 e4 40. h3 exf3 41. Rxf3 Ne4+ 42. Ke1 Qg1+ 43. Rf1 Qg3+ 44. Ref2 Nxf2 45. Qxf2 Qxh3 46. Qxf6 Qe3+ 47. Kd1 Bxg4+ 48. Kc2 Bf5+ 0-1

[Event "Moscow Summer on Kolomenskoe"]
[Site "Moscow"]
[Date "2009.06.05"]
[Round "7"]
[White "Krivenko, Sergey"]
[Black "Kan, Yuri"]
[Result "1-0"]
[WhiteElo "2133"]
[BlackElo "2008"]
[PlyCount "63"]
[EventDate "2009.05.12"]
[EventType "swiss"]
[EventRounds "9"]
[EventCountry "RUS"]
[SourceTitle "EXT 2022"]
[Source "ChessBase"]
[SourceDate "2021.10.06"]
[SourceVersion "1"]
[SourceVersionDate "2021.10.06"]
[SourceQuality "1"]

1. e4 c5 2. Nf3 a6 3. c3 d5 4. exd5 Qxd5 5. d4 Nd7 6. Be3 cxd4 7. cxd4 e6 8. Nc3 Bb4 9. Bd3 Ngf6 10. 0-0 Qa5 11. Qb3 0-0 12. Rac1 Bd6 13. Rfd1 Rb8 14. Bb1 Qh5 15. Ne2 Nd5 16. h3 N7f6 17. Bd2 b5 18. Ng3 Bxg3 19. fxg3 Nb6 20. Bg5 Bb7 21. g4 Nxg4 22. hxg4 Qxg4 23. Be7 Rfe8 24. Bc5 Nd5 25. Ne5 Qg5 26. Qh3 h5 27. Qd3 f5 28. Nf3 Qg3 29. Ne1 Ne3 30. d5 f4 31. dxe6 g6 32. Qd7 1-0

[Event "Moscow Summer on Kolomenskoe"]
[Site "Moscow"]
[Date "2009.05.12"]
[Round "1"]
[White "Trofimovsky, Alexander"]
[Black "Kan, Yuri"]
[Result "1-0"]
[WhiteElo "2191"]
[BlackElo "2008"]
[PlyCount "47"]
[EventDate "2009.05.12"]
[EventType "swiss"]
[EventRounds "9"]
[EventCountry "RUS"]
[SourceTitle "EXT 2022"]
[Source "ChessBase"]
[SourceDate "2021.10.06"]
[SourceVersion "1"]
[SourceVersionDate "2021.10.06"]
[SourceQuality "1"]

1. c4 Nf6 2. Nf3 g6 3. d4 Bg7 4. g3 d6 5. Bg2 0-0 6. 0-0 Nbd7 7. Nc3 c6 8. e4 e5 9. Qc2 Qc7 10. h3 Re8 11. Be3 Nf8 12. b4 Nh5 13. c5 dxc5 14. bxc5 exd4 15. Nxd4 f5 16. exf5 Nxg3 17. f6 Bxf6 18. fxg3 Rxe3 19. Rxf6 Qe5 20. Rf4 Rxg3 21. Qf2 Rxc3 22. Rxf8+ Kg7 23. Rf7+ Kg8 24. Re1 1-0

[Event "Moscow op-B"]
[Site "Moscow"]
[Date "2009.02.07"]
[Round "8"]
[White "Kan, Yuri"]
[Black "Sokolov, Boris"]
[Result "1/2-1/2"]
[WhiteElo "1400"]
[BlackElo "2015"]
[PlyCount "52"]
[EventDate "2009.01.31"]
[EventType "swiss"]
[EventRounds "9"]
[EventCountry "RUS"]
[SourceTitle "EXT 2012"]
[Source "ChessBase"]
[SourceDate "2011.11.24"]
[SourceVersion "1"]
[SourceVersionDate "2011.11.24"]
[SourceQuality "1"]

1. e4 Nf6 2. e5 Nd5 3. Nc3 Nxc3 4. dxc3 c5 5. Be3 Qc7 6. Qd5 e6 7. Qe4 Nc6 8. f4 b6 9. 0-0-0 Bb7 10. Qc4 a5 11. Nf3 Be7 12. h4 0-0 13. Qd3 Rfd8 14. Ng5 g6 15. Ne4 c4 16. Qxc4 Ba6 17. Qa4 b5 18. Bxb5 Bxb5 19. Qxb5 Rab8 20. Qa6 Nxe5 21. fxe5 Qxe5 22. Qd3 d5 23. Ng5 Rdc8 24. Nf3 Qc7 25. h5 a4 26. hxg6 hxg6 1/2-1/2

[Event "Moscow op-B"]
[Site "Moscow"]
[Date "2009.02.04"]
[Round "5"]
[White "Mosionzhik, Ilya Samoilovich"]
[Black "Kan, Yuri"]
[Result "1-0"]
[WhiteElo "2162"]
[BlackElo "1400"]
[PlyCount "61"]
[EventDate "2009.01.31"]
[EventType "swiss"]
[EventRounds "9"]
[EventCountry "RUS"]
[SourceTitle "EXT 2012"]
[Source "ChessBase"]
[SourceDate "2011.11.24"]
[SourceVersion "1"]
[SourceVersionDate "2011.11.24"]
[SourceQuality "1"]

1. e4 c5 2. Nf3 a6 3. c3 d5 4. e5 Bf5 5. d4 e6 6. Bd3 Bxd3 7. Qxd3 Nc6 8. 0-0 h5 9. dxc5 Bxc5 10. b4 Ba7 11. a4 Nh6 12. Bxh6 Rxh6 13. Nbd2 Qc7 14. Rfe1 Rc8 15. b5 axb5 16. Qxb5 Kf8 17. Rab1 Nd8 18. Rec1 g5 19. Qe2 f6 20. exf6 Rxf6 21. c4 Kg7 22. Qe1 Qd6 23. cxd5 Rxc1 24. Qxc1 exd5 25. Nf1 Qc6 26. Qd1 Qd7 27. Ne3 d4 28. Rb5 Qxb5 29. axb5 dxe3 30. fxe3 Nf7 31. Nd4 1-0